| 000 | 00000nam##2200000za#4500 |
| 001 | 9.670131 |
| 003 | CaOODSP |
| 005 | 20210615125306 |
| 007 | ta |
| 008 | 150407|2007||||xxc||||| f|0| 0 eng|d |
| 040 | |aCaOODSP|beng |
| 041 | |aeng |
| 041 | |afre |
| 043 | |an-cn--- |
| 086 | 1 |aK21-1/2007 |
| 110 | 2 |aCanada Council for the Arts. |
| 245 | 10|a50th annual report, Canada Council for the Arts, 2006-07 |
| 260 | |aOttawa - Ontario : |bCanada Council for the Arts |c[2007]. |
| 300 | |aEnglish text, 71p. : |bgraphs, tables, photographs ; |c26 cm. |
| 500 | |aThe ISBN (0-88837-200-0) of a previous edition is printed in this edition. |
| 520 | 3 |aPresents the activities of the Canada Council for the Arts during the fiscal year. It reports on the Council’s arts programs, endowments, and prizes. The Canada Council offers a broad range of grants and services to professional Canadian artists and arts organizations, and promotes public awareness of the arts. |
| 563 | |aSoftcover |
| 590 | |a08-19|b2008-05-09 |
| 690 | 07|aAnnual reports|2gcpds |
| 690 | 07|aArts|2gcpds |
| 776 | 0#|t50e rapport annuel, Conseil des Arts du Canada, 2006-2007 |w(CaOODSP)9.670134 |
| 792 | |t50e rapport annuel, Conseil des Arts, 2006-2007 |efre|w(CaOODSP)9.670132 |